[Event "Ordix Open"]
[Site "?"]
[Date "1999.07.03"]
[Round "6"]
[White "Giorgadze Giorgi"]
[Black "Svidler Peter"]
[Result "1/2-1/2"]
[WhiteElo "2609"]
[BlackElo "2713"]
[PlyCount "157"]
[EventDate "1999.??.??"]
[Source "www.chesslib.no"]
[SourceDate "2004.05.04"]

1. e4 c5 2. Nc3 d6 3. g3 g6 4. Bg2 Nc6 5. d3 Rb8 6. f4 Bg7 7. Nf3 b5 8. O-O b4 9. Ne2 Nf6 10. h3 e5 11. g4 exf4 12. Nxf4 O-O 13. Be3 Nd7 14. Rb1 Nde5 15. Nxe5 Bxe5 16. Qd2 Be6 17. c4 bxc3 18. bxc3 Rxb1 19. Rxb1 Qa5 20. Ne2 Rd8 21. c4 Qc7 22. Rb3 Rb8 23. Qc2 Kg7 24. Qb1 Rxb3 25. Qxb3 Qa5 26. Kf2 Qd8 27. Kg1 Qh4 28. Bf2 Qg5 29. Qb7 Qd2 30. Bf1 Nb4 31. d4 cxd4 32. Qxa7 Bxc4 33. Bxd4 Bxe2 34. Bxe5+ dxe5 35. Qf2 Nxa2 36. Bxe2 Nc3 37. Bf3 Qf4 38. Bg2 Qxf2+ 39. Kxf2 Kf6 40. h4 h6 41. Ke3 Na4 42. Bf1 Nc5 43. Bc4 Ne6 44. Kf3 Nf4 45. Bb3 h5 46. g5+ Ke7 47. Bc4 f6 48. gxf6+ Kxf6 49. Bb5 g5 50. hxg5+ Kxg5 51. Be8 Ne6 52. Bd7 Nd4+ 53. Kg3 h4+ 54. Kh3 Ne2 55. Bc8 Nf4+ 56. Kh2 Kf6 57. Kg1 Ke7 58. Kf2 Kd6 59. Kf3 Kc5 60. Kg4 h3 61. Kg3 Kd4 62. Bf5 Ke3 63. Bh7 Ne6 64. Bf5 Ng5 65. Bg6 Ke2 66. Bf5 Kf1 67. Kh2 Kf2 68. Bg6 Kf3 69. Bf5 Kf4 70. Bg6 Kg4 71. Bf5+ Kh4 72. Bc8 Nf3+ 73. Kh1 Nd2 74. Kh2 Nf3+ 75. Kh1 h2 76. Kg2 Kg5 77. Ba6 Kf4 78. Be2 Nd4 79. Bh5 1/2-1/2

[Event "Connecticut USA"]
[Site "?"]
[Date "2005.03.27"]
[Round "8"]
[White "Stripunsky Alexander"]
[Black "Georgiev Vladimir"]
[Result "1/2-1/2"]
[WhiteElo "2663"]
[BlackElo "2542"]
[PlyCount "88"]
[EventDate "2005.??.??"]
[Source "www.chesslib.no"]
[SourceDate "2004.05.04"]

1. e4 c5 2. Nc3 Nc6 3. g3 g6 4. Bg2 Bg7 5. d3 d6 6. Nh3 e5 7. f4 Nge7 8. O-O Nd4 9. f5 gxf5 10. Qh5 h6 11. Rf2 Be6 12. Be3 Qd7 13. Raf1 O-O-O 14. Nd5 fxe4 15. Nxe7+ Qxe7 16. Bxd4 cxd4 17. Rxf7 Qe8 18. Bxe4 Rf8 19. Bf5 Rxf7 20. Bxe6+ Qxe6 21. Qxf7 Qxf7 22. Rxf7 Rd7 23. Rxd7 Kxd7 24. Kg2 Ke6 25. Kf3 Kf5 26. g4+ Ke6 27. Kf2 d5 28. Ng1 Bf6 29. Kg3 Bg5 30. Kf3 Bc1 31. b3 Bd2 32. a4 b6 33. h3 a6 34. Kg3 Bf4+ 35. Kg2 Bd2 36. Kf3 b5 37. axb5 axb5 38. Kg3 Bf4+ 39. Kg2 Bd2 40. Kf3 Bc1 41. Kg3 Bg5 42. Kf3 Bc1 43. Kg3 Bg5 44. Ne2 Bd2 1/2-1/2

[Event "New Delhi (m/2)"]
[Site "?"]
[Date "2000.??.??"]
[Round "?"]
[White "Short, N."]
[Black "Nataf, I._A."]
[Result "1/2-1/2"]
[WhiteElo "2675"]
[BlackElo "2525"]
[PlyCount "65"]
[EventDate "2000.??.??"]
[Source "Chess Informant"]
[SourceDate "2000.10.01"]

1. e4 c5 2. Nc3 Nc6 3. g3 g6 4. Bg2 Bg7 5. d3 e5 6. f4 d6 7. Nf3 Nge7 8. O-O O-O 9. Be3 Nd4 10. Qd2 Bg4 11. Rf2 exf4 12. Bxf4 Qd7 13. Raf1 Nxf3+ 14. Bxf3 Bxf3 15. Rxf3 b5 16. Bh6 b4 17. Bxg7 Kxg7 18. Nd1 f6 19. Ne3 Qe6 20. a3 a5 21. Rf4 Rf7 22. Qg2 Raf8 23. g4 Kh8 24. Kh1 Nc6 25. Nd5 Ne7 26. Ne3 Nc6 27. Nc4 Ne5 28. Nxa5 bxa3 29. bxa3 Ra8 30. Nb3 Rxa3 31. d4 cxd4 32. Nxd4 Qc4 33. Rd1 1/2-1/2

[Event "Calcutta op"]
[Site "Calcutta"]
[Date "1994.??.??"]
[Round "9"]
[White "Giorgadze, Giorgi"]
[Black "Tiviakov, Sergei"]
[Result "1/2-1/2"]
[WhiteElo "2555"]
[BlackElo "2630"]
[PlyCount "20"]
[EventDate "1994.02.??"]
[Source "ChessBase"]

1. e4 c5 2. Nc3 Nc6 3. g3 g6 4. Bg2 Bg7 5. d3 e6 6. f4 Nge7 7. Nf3 d6 8. O-O O-O 9. Be3 Nd4 10. Rb1 Bd7 1/2-1/2

[Event "III Arrows Cup"]
[Site "Ji Nan"]
[Date "2003.09.20"]
[Round "4"]
[White "Short, Nigel D"]
[Black "Zhao Xue"]
[Result "1-0"]
[WhiteElo "2701"]
[BlackElo "2467"]
[PlyCount "97"]
[EventDate "2003.09.17"]
[Source "Roberto Alvarez"]
[SourceDate "2003.09.22"]

1. e4 c5 2. Nc3 Nc6 3. g3 g6 4. Bg2 Bg7 5. d3 d6 6. Nge2 Nf6 7. O-O Rb8 8. f4 Bd7 9. h3 b5 10. a3 a5 11. a4 b4 12. Nb5 O-O 13. c4 bxc3 14. bxc3 Ne8 15. Be3 Nc7 16. Rb1 f5 17. Re1 Kh8 18. Qd2 Qc8 19. Kh2 Na6 20. Ng1 c4 21. d4 fxe4 22. Bxe4 Nd8 23. Qg2 Nf7 24. Nf3 Nc7 25. Nxc7 Qxc7 26. Qc2 e6 27. Nh4 Kg8 28. d5 exd5 29. Bxd5 Bc6 30. Bxc4 Ba8 31. Qd3 Bf6 32. Rb5 Rxb5 33. axb5 Qb7 34. Rg1 Re8 35. Ng2 Qe4 36. Qxe4 Rxe4 37. Bd3 Ra4 38. Rc1 Ra2 39. Bf1 a4 40. Bd4 Kg7 41. Kg1 Bxd4+ 42. cxd4 Rd2 43. Ne3 Rxd4 44. Rc7 Be4 45. Ra7 d5 46. Ng4 Kf8 47. b6 Rb4 48. b7 Kg7 49. Ne5 1-0

[Event "CADAP"]
[Site "?"]
[Date "2001.03.31"]
[Round "?"]
[White "Ruefenacht Matthias (SUI)"]
[Black "Neumann Joachim (GER)"]
[Result "0-1"]
[WhiteElo "2488"]
[BlackElo "2677"]
[PlyCount "66"]
[EventDate "2001.??.??"]
[Source "www.chesslib.no"]
[SourceDate "2004.05.04"]

1. e4 c5 2. Nc3 Nc6 3. g3 g6 4. Bg2 Bg7 5. d3 d6 6. Nge2 Rb8 7. Bg5 b5 8. Qd2 b4 9. Nd1 h6 10. Be3 e5 11. a3 a5 12. axb4 axb4 13. O-O Nf6 14. h3 Nd4 15. f4 Nh5 16. Kh2 Nxe2 17. Qxe2 exf4 18. gxf4 O-O 19. Rg1 Qh4 20. Qe1 Qxe1 21. Rxe1 Bb7 22. Bf3 f5 23. Bxh5 gxh5 24. exf5 Rxf5 25. Bc1 Rf7 26. Ra7 c4 27. Ra4 cxd3 28. c3 bxc3 29. bxc3 Bf3 30. Rb4 Rxb4 31. cxb4 Bd4 32. Re8+ Kh7 33. Ne3 h4 0-1

[Event "Clermont_Ferrand"]
[Site "?"]
[Date "1989.??.??"]
[Round "?"]
[White "Spassky, B."]
[Black "Sax, Gy"]
[Result "0-1"]
[WhiteElo "2580"]
[BlackElo "2580"]
[PlyCount "60"]
[EventDate "1989.??.??"]
[Source "ChessBase"]
[SourceDate "1989.07.01"]

1. e4 c5 2. Nc3 Nc6 3. g3 g6 4. Bg2 Bg7 5. d3 d6 6. Nge2 e6 7. a3 Nge7 8. O-O O-O 9. Rb1 b6 10. b4 Bb7 11. Bd2 Qd7 12. f4 Rac8 13. bxc5 bxc5 14. g4 f5 15. Ng3 Nd4 16. Rxb7 Qxb7 17. exf5 Qb2 18. fxe6 Nxc2 19. Nce2 c4 20. dxc4 Nxa3 21. Be3 Nxc4 22. Bxa7 Qa3 23. Bf2 Ne3 24. Bxe3 Qxe3+ 25. Kh1 Qxe6 26. f5 Qe5 27. Nf4 gxf5 28. Nd5 Nxd5 29. Bxd5+ Kh8 30. Re1 Rc1 0-1

[Event "Bled (ol) 86/177"]
[Site "?"]
[Date "2002.??.??"]
[Round "?"]
[White "Galego, L."]
[Black "Beliavsky, A."]
[Result "1/2-1/2"]
[WhiteElo "2506"]
[BlackElo "2650"]
[PlyCount "78"]
[EventDate "2002.??.??"]
[Source "Chess Informant"]
[SourceDate "2002.10.01"]

1. e4 c5 2. Nf3 d6 3. Nc3 Nf6 4. g3 g6 5. Bg2 Bg7 6. O-O Nc6 7. d3 O-O 8. h3 Nd7 9. Bg5 b5 10. a3 Rb8 11. Qd2 Re8 12. Bh6 Bh8 13. Kh2 a5 14. Ng5 b4 15. axb4 axb4 16. Nd1 e6 17. f4 Bb7 18. c3 Qe7 19. Ne3 bxc3 20. bxc3 Nd8 21. Ra7 f6 22. Rb1 fxg5 23. Bxg5 Bf6 24. Bxf6 Qxf6 25. e5 dxe5 26. Ng4 Qg7 27. fxe5 Nxe5 28. Nxe5 Qxe5 29. Bxb7 Re7 30. d4 Qd6 31. Ra6 Qd7 32. Be4 Rxb1 33. Bxb1 Qb7 34. Bd3 cxd4 35. cxd4 Rd7 36. Ra4 Rd6 37. Bf1 Rb6 38. Ra2 Rb3 39. Bg2 Qc7 1/2-1/2

[Event "Dubai (open) 84/94"]
[Site "?"]
[Date "2002.??.??"]
[Round "?"]
[White "Fedorov, Alex"]
[Black "Gelashvili, T."]
[Result "1-0"]
[WhiteElo "2598"]
[BlackElo "2547"]
[PlyCount "107"]
[EventDate "2002.??.??"]
[Source "Chess Informant"]
[SourceDate "2002.02.01"]

1. e4 c5 2. d3 Nc6 3. g3 g6 4. Bg2 Bg7 5. f4 d6 6. Nf3 Nf6 7. O-O O-O 8. Nc3 Rb8 9. a4 a6 10. h3 b5 11. axb5 axb5 12. Be3 b4 13. Ne2 Nd7 14. Rb1 Qb6 15. g4 Ra8 16. Qe1 Nd4 17. Nexd4 cxd4 18. Bf2 e5 19. f5 Ra2 20. g5 Re8 21. Nd2 Qc5 22. Qd1 Qc7 23. Be1 Nb6 24. Nb3 Na4 25. Qc1 gxf5 26. exf5 Bb7 27. Bxb7 Qxb7 28. Ra1 Rxa1 29. Qxa1 Ra8 30. Qc1 Rc8 31. Na5 Qc7 32. Bxb4 d5 33. f6 Bf8 34. Bxf8 Kxf8 35. Qe1 e4 36. Qh4 Ke8 37. Nb3 Qe5 38. Rf2 e3 39. Re2 Nxb2 40. Nxd4 Nd1 41. Kg2 Nc3 42. Re1 e2 43. Kf3 Ne4 44. dxe4 Qxd4 45. Rxe2 Rc3+ 46. Kg2 Qc4 47. Qf2 dxe4 48. Kg1 Qd5 49. Qf4 Rc4 50. Rd2 Qc5+ 51. Kh1 Rb4 52. Rd1 Qc3 53. Qf5 Rd4 54. Qe5+ 1-0

[Event "Cannes"]
[Site "Cannes FRA"]
[Date "1987.??.??"]
[Round "?"]
[White "Spassky, Boris Vasily"]
[Black "Fedorowicz, John P"]
[Result "1/2-1/2"]
[WhiteElo "2605"]
[BlackElo "2535"]
[PlyCount "65"]
[EventDate "1987.02.??"]
[Source "www.chesslib.no"]
[SourceDate "2004.05.04"]

1. e4 c5 2. Nc3 Nc6 3. g3 g6 4. Bg2 Bg7 5. d3 d6 6. Nge2 e6 7. O-O Nge7 8. Bg5 O-O 9. Qd2 e5 10. Nd5 f6 11. Nxe7+ Nxe7 12. Be3 b6 13. c4 Rb8 14. b4 Be6 15. Rab1 Qd7 16. Nc3 Nc6 17. a3 Nd4 18. f4 exf4 19. Bxf4 Rbe8 20. Rbe1 Kh8 21. h4 Bg4 22. Nb5 Nxb5 23. cxb5 Re6 24. a4 Rfe8 25. Be3 f5 26. Kh2 fxe4 27. dxe4 Qc7 28. Rc1 h5 29. Bf4 Qe7 30. Bg5 Qc7 31. Bf4 Qe7 32. Bg5 Qc7 33. Bf4 1/2-1/2

[Event "Lone Pine"]
[Site "Lone Pine"]
[Date "1980.??.??"]
[Round "5"]
[White "Balashov, Yuri S"]
[Black "Quinteros, Miguel Angel"]
[Result "1-0"]
[WhiteElo "2600"]
[BlackElo "2515"]
[PlyCount "81"]
[EventDate "1980.03.??"]
[Source "ChessBase"]

1. e4 c5 2. Nc3 d6 3. g3 Nc6 4. Bg2 g6 5. d3 Bg7 6. f4 e6 7. Nf3 Nge7 8. O-O O-O 9. Be3 Nd4 10. Rb1 Bd7 11. Ne2 Nxe2+ 12. Qxe2 f5 13. Bf2 Nc6 14. c3 Qc7 15. b4 b6 16. Rfc1 Rac8 17. exf5 exf5 18. d4 Rce8 19. Qd2 c4 20. d5 Nd8 21. Re1 b5 22. Bd4 Bxd4+ 23. Nxd4 a6 24. h3 Bc8 25. Qc2 Qf7 26. a4 Rxe1+ 27. Rxe1 Re8 28. Re2 Bd7 29. axb5 axb5 30. Nc6 Kf8 31. Qd2 Rxe2 32. Qxe2 Bxc6 33. dxc6 Qc7 34. Qf3 Ke7 35. Qe3+ Kf8 36. Qd4 Nxc6 37. Qh8+ Ke7 38. Qxh7+ Kd8 39. Qxc7+ Kxc7 40. Bxc6 Kxc6 41. Kf2 1-0

[Event "Pedro Zabala (6eme memorial)"]
[Site "?"]
[Date "2004.10.12"]
[Round "7"]
[White "Narciso Dublan Marc"]
[Black "Bauer Christian"]
[Result "0-1"]
[WhiteElo "2487"]
[BlackElo "2622"]
[PlyCount "103"]
[EventDate "2004.??.??"]
[Source "www.chesslib.no"]
[SourceDate "2004.05.04"]

1. e4 c5 2. Nc3 Nc6 3. g3 g6 4. Bg2 Bg7 5. d3 d6 6. Nf3 Nf6 7. O-O O-O 8. h3 Rb8 9. a4 a6 10. Be3 e5 11. Kh2 b5 12. axb5 axb5 13. Qd2 b4 14. Nd1 Bb7 15. Bh6 Qc7 16. Bxg7 Kxg7 17. Ne3 Ne7 18. Nh4 Nfg8 19. f4 f6 20. Rf2 Ra8 21. Raf1 exf4 22. Rxf4 Ra2 23. b3 Bc8 24. R4f2 Be6 25. Bf3 Bxb3 26. Bg4 Bf7 27. Qd1 Nc6 28. Nhg2 Nd4 29. Nf4 Ne7 30. Ned5 Nxd5 31. exd5 f5 32. Bf3 Re8 33. Bg2 Qe7 34. Qb1 Qa7 35. h4 Qa4 36. g4 Rxc2 37. gxf5 Rxf2 38. Rxf2 Nxf5 39. Bh3 Re5 40. Qg1 Qe8 41. Nh5+ Kh8 42. Bxf5 gxh5 43. Qg5 Qe7 44. Qh6 Bxd5 45. Qf4 Qf6 46. Be4 Bxe4 47. dxe4 Qxf4+ 48. Rxf4 c4 49. Kg3 b3 50. Kf3 d5 51. Ke2 Rf5 52. Ke1 0-1

[Event "08"]
[Site "08 Paris"]
[Date "1990.??.??"]
[Round "?"]
[White "Todorcevic, Miodrag"]
[Black "Spraggett, Kevin B"]
[Result "0-1"]
[WhiteElo "2550"]
[BlackElo "2555"]
[PlyCount "116"]
[EventDate "1990.??.??"]
[Source "www.chesslib.no"]
[SourceDate "2004.05.04"]

1. e4 g6 2. f4 Bg7 3. Nf3 c5 4. Nc3 Nc6 5. g3 d6 6. Bg2 e6 7. O-O Nge7 8. d3 O-O 9. Ne2 e5 10. c3 b6 11. Nh4 exf4 12. gxf4 Kh8 13. Ng3 Ng8 14. Nf3 Bg4 15. h3 Bd7 16. Be3 Qc7 17. Qd2 Rae8 18. Rae1 Nce7 19. d4 f5 20. e5 dxe5 21. Nxe5 cxd4 22. Bxd4 Bc8 23. Qc2 Bb7 24. Qb3 Bxg2 25. Kxg2 Nh6 26. Ne2 Rd8 27. Rd1 Qb7+ 28. Kh2 Neg8 29. Rd3 Nf6 30. Ng1 Nh5 31. Qd1 Rde8 32. Qd2 Ng8 33. Ngf3 Ngf6 34. Nh4 Ne4 35. Qe2 Qc7 36. Nhxg6+ hxg6 37. Nxg6+ Kh7 38. Nxf8+ Rxf8 39. Bxg7 Nxg7 40. Rd4 Rf7 41. Qd1 Qe7 42. Rg1 Nh5 43. Qe2 Nxf4 44. Qf3 Qc7 45. Rxe4 fxe4 46. Qxe4+ Ng6+ 47. Kh1 Qd6 48. Qg2 Qd3 49. Qg4 Qd5+ 50. Rg2 Rf6 51. c4 Rf1+ 52. Kh2 Qe5+ 53. Qg3 Qf6 54. Qg5 Qd6+ 55. Qg3 Qc6 56. b3 Rf3 57. Qb8 Qd7 58. Rg3 Rf8 0-1

[Event "Paris Ch"]
[Site "Paris FRA"]
[Date "1990.??.??"]
[Round "?"]
[White "Todorcevic, Miodrag"]
[Black "Spraggett, Kevin B"]
[Result "0-1"]
[WhiteElo "2550"]
[BlackElo "2555"]
[PlyCount "115"]
[EventDate "1990.05.??"]
[Source "www.chesslib.no"]
[SourceDate "2004.05.04"]

1. e4 g6 2. f4 Bg7 3. Nf3 c5 4. Nc3 Nc6 5. g3 d6 6. Bg2 e6 7. O-O Nge7 8. d3 O-O 9. Ne2 e5 10. c3 b6 11. Nh4 exf4 12. gxf4 Kh8 13. Ng3 Ng8 14. Nf3 Bg4 15. h3 Bd7 16. Be3 Qc7 17. Qd2 Rae8 18. Rae1 Nce7 19. d4 f5 20. e5 dxe5 21. Nxe5 cxd4 22. Bxd4 Bc8 23. Qc2 Bb7 24. Qb3 Bxg2 25. Kxg2 Nh6 26. Ne2 Rd8 27. Rd1 Qb7+ 28. Kh2 Neg8 29. Rd3 Nf6 30. Ng1 Nh5 31. Qd1 Rde8 32. Qd2 Ng8 33. Ngf3 Ngf6 34. Nh4 Ne4 35. Qc2 Qc7 36. Nhxg6+ hxg6 37. Nxg6+ Kh7 38. Nxf8+ Rxf8 39. Bxg7 Nxg7 40. Rd4 Qe7 41. Qd1 Qf7 42. Rg1 Nh5 43. Qe2 Nxf4 44. Qf3 Qc7 45. Rxe4 fxe4 46. Qxe4+ Ng6+ 47. Kh1 Qd6 48. Qg2 Qd3 49. Qg4 Qd5+ 50. Rg2 Rf6 51. c4 Rf1+ 52. Kh2 Qd6+ 53. Qg3 Qf6 54. Qg5 Qd6+ 55. Qg3 Qc6 56. b3 Rf3 57. Qb8 Qd7 58. Rg3 0-1

[Event "Aracatuba 73/182"]
[Site "?"]
[Date "1998.??.??"]
[Round "?"]
[White "Milos, Gilberto"]
[Black "Vescovi, Giovanni"]
[Result "1/2-1/2"]
[WhiteElo "2575"]
[BlackElo "2525"]
[PlyCount "86"]
[EventDate "1998.??.??"]
[Source "ChessBase"]
[SourceDate "1998.06.01"]

1. e4 c5 2. Nf3 d6 3. Nc3 Nf6 4. g3 g6 5. Bg2 Bg7 6. O-O O-O 7. d3 Nc6 8. Bg5 Rb8 9. a4 a6 10. Qd2 b5 11. axb5 axb5 12. Bh6 Bg4 13. Bxg7 Kxg7 14. Nh4 b4 15. Nd1 Bxd1 16. Raxd1 e5 17. f4 exf4 18. gxf4 Nh5 19. Qe1 Nd4 20. Rd2 f5 21. c3 bxc3 22. bxc3 Ne6 23. exf5 Nexf4 24. fxg6 hxg6 25. Ra2 Qf6 26. Kh1 Rbe8 27. Be4 d5 28. Nxg6 dxe4 29. Nxf4 Nxf4 30. Qg3+ Qg6 31. Rxf4 Qxg3 32. hxg3 Rxf4 33. gxf4 exd3 34. Kg2 Rd8 35. Ra1 c4 36. Kf2 Kf6 37. Ke3 d2 38. Ke2 Kf5 39. Kd1 Ke4 40. Ra2 Kxf4 41. Ra7 Ke3 42. Re7+ Kd3 43. Rd7+ Rxd7 1/2-1/2

[Event "Bonn GSK"]
[Site "Bonn"]
[Date "1994.??.??"]
[Round "5"]
[White "Kveinys, Aloyzas"]
[Black "Dokhoian, Yury"]
[Result "1/2-1/2"]
[WhiteElo "2520"]
[BlackElo "2570"]
[PlyCount "102"]
[EventDate "1994.??.??"]
[Source "ChessBase"]

1. e4 c5 2. Nc3 Nc6 3. f4 g6 4. Nf3 Bg7 5. g3 d6 6. Bg2 e6 7. O-O Nge7 8. d3 O-O 9. Be3 Nd4 10. e5 Nef5 11. Bf2 Bd7 12. Ne4 Nxf3+ 13. Bxf3 Bc6 14. c3 h5 15. exd6 b6 16. Nf6+ Bxf6 17. Bxc6 Rc8 18. Bb7 Rb8 19. Be4 Nxd6 20. Qe2 Qc7 21. Bf3 Rfd8 22. Rad1 Nf5 23. Rfe1 Rd6 24. Be4 Ne7 25. h3 Bg7 26. g4 hxg4 27. hxg4 f5 28. Bg2 Qd7 29. Bh4 Re8 30. gxf5 gxf5 31. Qh5 Nd5 32. Bxd5 Rxd5 33. Bg5 Qf7 34. Qh4 e5 35. Rd2 exf4 36. Rxe8+ Qxe8 37. Bxf4 Rd7 38. Kf1 Re7 39. Rh2 Qd7 40. Rh3 Kf8 41. Qg3 Kf7 42. Bh6 Kg8 43. Rh2 Qa4 44. b3 Qg4 45. Qxg4 fxg4 46. Bxg7 Kxg7 47. Rg2 Re3 48. Rxg4+ Kf6 49. Ra4 Rxd3 50. Rxa7 Rxc3 51. Ra6 Ke5 1/2-1/2

[Event "Tournament (computers)"]
[Site "Internet"]
[Date "2008.01.27"]
[Round "5"]
[White "Computer \"]
[Black "Computer \"]
[Result "0-1"]
[WhiteElo "2413"]
[BlackElo "2674"]
[PlyCount "149"]
[EventDate "2008.??.??"]
[Source "www.chesslib.no"]
[SourceDate "2004.05.04"]

1. e4 c5 2. Nc3 Nc6 3. g3 g6 4. Bg2 Bg7 5. d3 d6 6. Nge2 Bd7 7. O-O Qc8 8. Bg5 Nf6 9. Nd5 Nxd5 10. exd5 Ne5 11. d4 cxd4 12. Nxd4 h6 13. Bf4 Bf6 14. c3 g5 15. Bxe5 Bxe5 16. Qd2 Bf6 17. Rae1 h5 18. Re4 Qd8 19. Rfe1 Kf8 20. Nf3 Rg8 21. Rb4 Rb8 22. Kh1 g4 23. Nh4 Rg5 24. Be4 Qa5 25. f4 Rg8 26. Bf5 Bb5 27. a3 Ba6 28. Ng2 Rh8 29. Ne3 Qc5 30. Bd3 Bxd3 31. Qxd3 Qc8 32. Ra4 a6 33. f5 Rh6 34. Rb4 Bg5 35. Nc4 Qc7 36. a4 b5 37. axb5 Rxb5 38. Rxb5 axb5 39. Na3 h4 40. Kg2 h3+ 41. Kf1 b4 42. cxb4 Qb7 43. Nc2 e6 44. fxe6 Rf6+ 45. Ke2 Rf3 46. Qc4 fxe6 47. Rd1 Qf7 48. dxe6 Qf6 49. Qe4 Rf2+ 50. Kd3 d5 51. e7+ Qxe7 52. Qxe7+ Kxe7 53. Re1+ Kd6 54. Rh1 Rf3+ 55. Ke2 Rb3 56. Rf1 Rxb2 57. Kd3 Rb3+ 58. Ke2 Rc3 59. Ne1 d4 60. Rf5 Be3 61. Rf6+ Ke5 62. Rf8 Bg1 63. Nd3+ Kd6 64. Rf6+ Kd5 65. Rf5+ Ke6 66. Rg5 Rc2+ 67. Kd1 Rxh2 68. Nc5+ Kf7 69. Rh5 Be3 70. Ke1 Ra2 71. Nd3 Kg6 72. Rh4 Kf5 73. Nc5 Bf2+ 74. Kd1 Bxg3 75. Rh5+ 0-1

[Event "Spartakiade tt 8th"]
[Site "Moscow RUS"]
[Date "1983.??.??"]
[Round "8"]
[White "Romanishin, Oleg M"]
[Black "Yudasin, Leonid G"]
[Result "1-0"]
[WhiteElo "2585"]
[BlackElo "2500"]
[PlyCount "65"]
[EventDate "1983.07.??"]
[Source "www.chesslib.no"]
[SourceDate "2004.05.04"]

1. e4 c5 2. Nc3 Nc6 3. g3 g6 4. Bg2 Bg7 5. d3 d6 6. Nh3 Nf6 7. O-O Bg4 8. f3 Bxh3 9. Bxh3 O-O 10. f4 Ne8 11. f5 Nc7 12. Nd5 Nxd5 13. exd5 Ne5 14. c3 Qb6 15. Rf2 c4 16. d4 Nd3 17. Re2 Nxc1 18. Qxc1 Bf6 19. Qh6 Bg7 20. Qd2 Bf6 21. Bg2 g5 22. Re4 Kh8 23. Rae1 Qc7 24. Qe2 b5 25. Qh5 Rae8 26. a3 a5 27. Rg4 b4 28. Be4 Qb6 29. h4 bxc3 30. bxc3 Qb2 31. hxg5 Qxc3 32. Rh4 Qxe1+ 33. Kg2 1-0

[Event "Reykjavik"]
[Site "Reykjavik"]
[Date "1989.??.??"]
[Round "?"]
[White "Balashov, Yuri S"]
[Black "Arnason, Jon L"]
[Result "1-0"]
[WhiteElo "2530"]
[BlackElo "2550"]
[PlyCount "121"]
[EventDate "1989.02.??"]
[Source "ChessBase"]

1. e4 c5 2. Nc3 d6 3. g3 Nc6 4. Bg2 g6 5. d3 Bg7 6. f4 e6 7. Nf3 Nge7 8. O-O O-O 9. Be3 Nd4 10. e5 Nef5 11. Bf2 Nxf3+ 12. Qxf3 Nd4 13. Qd1 f5 14. exf6 Qxf6 15. Ne4 Qe7 16. c3 Nc6 17. Qd2 e5 18. Rae1 Bf5 19. fxe5 Nxe5 20. d4 cxd4 21. Bxd4 Kh8 22. Ng5 a6 23. Bd5 h6 24. Nf3 g5 25. Qe3 Bh3 26. Rf2 Nxf3+ 27. Bxf3 Qxe3 28. Bxe3 Rab8 29. Bb6 Rfe8 30. Rxe8+ Rxe8 31. Re2 Rxe2 32. Bxe2 Be6 33. Bf3 Bxa2 34. Bxb7 Bc4 35. Kf2 Be5 36. Ke3 Kg7 37. Bd4 Kf6 38. b4 h5 39. Ke4 Ke6 40. Bc8+ Kf6 41. h4 d5+ 42. Ke3 gxh4 43. gxh4 Bf1 44. Kd2 Bb5 45. Bh3 Be8 46. Ke3 Bc6 47. Bf1 Bb5 48. Bg2 Ke6 49. Bxe5 Kxe5 50. Bf3 Be8 51. Be2 Bg6 52. Bxa6 Be8 53. Be2 Bf7 54. b5 Be8 55. b6 Kd6 56. Kf4 Bf7 57. Bb5 Bg6 58. Kg5 Bf7 59. Kf6 Bg8 60. Kg6 Be6 61. Kxh5 1-0

[Event "Marseille"]
[Site "Marseille"]
[Date "1990.??.??"]
[Round "3"]
[White "Norwood, David"]
[Black "Hulak, Krunoslav"]
[Result "1/2-1/2"]
[WhiteElo "2515"]
[BlackElo "2560"]
[PlyCount "124"]
[EventDate "1990.06.??"]
[Source "ChessBase"]

1. g3 g6 2. Bg2 Bg7 3. e4 c5 4. Nc3 Nc6 5. d3 d6 6. Nf3 e6 7. Bg5 Nge7 8. Qd2 Nd4 9. h4 h6 10. Be3 e5 11. Nh2 Be6 12. f4 h5 13. O-O exf4 14. Bxf4 O-O 15. Nd1 d5 16. c3 Ndc6 17. Nf2 Qd7 18. Nf3 dxe4 19. Nxe4 b6 20. Nfg5 Bg4 21. Nd6 Rad8 22. Ngxf7 Rxf7 23. Nxf7 Kxf7 24. Bc7+ Kg8 25. Bxd8 Nxd8 26. Rae1 Nf5 27. Kh2 Nf7 28. Qf4 Bf8 29. Qe4 Qc7 30. Rf4 Bd6 31. Ref1 Kg7 32. Qb7 Qxb7 33. Bxb7 Nd8 34. Be4 Kf6 35. Bxf5 Bxf5 36. Ra4 Nc6 37. d4 cxd4 38. cxd4 Ke6 39. b4 Kd5 40. b5 Na5 41. Rf2 Bd3 42. Rf6 Bxb5 43. Rxa5 bxa5 44. Rxg6 Be2 45. Kg2 a4 46. Kf2 Bg4 47. Ke3 a3 48. Rg5+ Kc6 49. Rg6 Bd1 50. Rg5 a6 51. Kd3 Bg4 52. Ke4 Bxg3 53. Ra5 Be2 54. Rxa3 Bxh4 55. Ke3 Bc4 56. Ra5 Be7 57. Rxh5 Bxa2 58. Ra5 Bc4 59. Rc5+ Bxc5 60. dxc5 a5 61. Kd4 a4 62. Kc3 a3 1/2-1/2

[Event "RUS-Cup5"]
[Site "Ekaterinburg"]
[Date "1997.??.??"]
[Round "7"]
[White "Bezgodov, Alexei"]
[Black "Zakharevich, Igor"]
[Result "0-1"]
[WhiteElo "2570"]
[BlackElo "2505"]
[PlyCount "120"]
[EventDate "1997.02.13"]
[Source "ChessBase"]

1. e4 d6 2. Nc3 g6 3. g3 Bg7 4. Bg2 c5 5. f4 Nc6 6. Nf3 e6 7. d3 Nge7 8. O-O O-O 9. Be3 Nd4 10. e5 Nef5 11. Bf2 Nxf3+ 12. Qxf3 Nd4 13. Qd1 Rb8 14. Ne4 dxe5 15. fxe5 b6 16. Nf6+ Bxf6 17. exf6 Qxf6 18. c3 Nf5 19. g4 Nd6 20. Bd4 Qg5 21. h4 Qh6 22. g5 Qxh4 23. Be5 Rd8 24. Qf3 f5 25. gxf6 Bb7 26. f7+ Kf8 27. Bf6 Bxf3 28. Bxh4 Bxg2 29. Bxd8 Rxd8 30. Kxg2 Nf5 31. Rh1 h5 32. Rh3 Kxf7 33. a3 Kf6 34. Re1 Rh8 35. Reh1 Rh7 36. Kf2 Rd7 37. Rf3 Rd8 38. Ke2 Rh8 39. Kf2 g5 40. Rfh3 Kg6 41. Rg1 Rd8 42. Re1 Rd6 43. d4 cxd4 44. Rd3 Kf6 45. cxd4 Nxd4 46. Rc1 e5 47. Rc7 h4 48. Rxa7 e4 49. Re3 Ke5 50. Re7+ Ne6 51. Rh7 Rd2+ 52. Re2 Rd8 53. Ke1 Rd3 54. Rd2 Re3+ 55. Kf1 h3 56. Rf2 Nf4 57. Re7+ Kf5 58. Kg1 Kg4 59. Kh2 Rf3 60. Rxf3 Kxf3 0-1

[Event "Reykjavik"]
[Site "Reykjavik"]
[Date "1985.??.??"]
[Round "4"]
[White "Spassky, Boris V"]
[Black "Arnason, Jon L"]
[Result "1-0"]
[WhiteElo "2580"]
[BlackElo "2495"]
[PlyCount "113"]
[EventDate "1985.02.??"]
[Source "ChessBase"]

1. e4 c5 2. Nc3 Nc6 3. g3 g6 4. Bg2 Bg7 5. d3 d6 6. Nge2 e6 7. O-O Nge7 8. Bg5 O-O 9. Qd2 Qd7 10. Bh6 Nd4 11. Nxd4 cxd4 12. Bxg7 Kxg7 13. Ne2 e5 14. f4 Qd8 15. c3 Bg4 16. Nc1 Qb6 17. Kh1 f6 18. cxd4 exd4 19. h3 Be6 20. Ne2 d5 21. f5 Bf7 22. e5 Nxf5 23. exf6+ Kh8 24. Qf4 Rae8 25. Ng1 Re3 26. Nf3 Qxf6 27. g4 Qd6 28. Qxd6 Nxd6 29. Rad1 Re2 30. Nxd4 Rxb2 31. a3 Kg7 32. Rc1 Rc8 33. Rxc8 Nxc8 34. Rc1 Nd6 35. Rc7 Kf6 36. Rd7 Rb6 37. h4 h6 38. Kh2 Nb5 39. g5+ hxg5 40. hxg5+ Kg7 41. Bxd5 Nxd4 42. Rxf7+ Kh8 43. Rf8+ Kg7 44. Rf7+ Kh8 45. Kg3 Rd6 46. Be4 Ne2+ 47. Kf3 Nc3 48. Rxb7 Ra6 49. Kf4 Kg8 50. d4 Kf8 51. Rb3 Nxe4 52. Kxe4 Ke7 53. Ke5 Re6+ 54. Kd5 Rd6+ 55. Kc5 Ke6 56. Re3+ Kd7 57. d5 1-0

[Event "Tbilisi"]
[Site "Tbilisi GEO"]
[Date "1979.??.??"]
[Round "?"]
[White "Lutikov, Anatoly S"]
[Black "Romanishin, Oleg M"]
[Result "1/2-1/2"]
[WhiteElo "2515"]
[BlackElo "2560"]
[PlyCount "85"]
[EventDate "1979.??.??"]
[Source "www.chesslib.no"]
[SourceDate "2004.05.04"]

1. e4 c5 2. Nc3 d6 3. g3 Nc6 4. Bg2 g6 5. d3 Bg7 6. Nge2 Nf6 7. O-O O-O 8. f4 Nd4 9. h3 Nd7 10. f5 b5 11. g4 Bb7 12. Nf4 Be5 13. Kh1 e6 14. Nce2 Qh4 15. Ng1 exf5 16. gxf5 g5 17. Nfe2 Nxe2 18. Qxe2 Kh8 19. Nf3 Qh5 20. Qd1 f6 21. Nxe5 Qxd1 22. Nf7+ Rxf7 23. Rxd1 Re7 24. b3 Kg7 25. Bb2 h5 26. c4 bxc4 27. bxc4 Bc6 28. Bf3 Ne5 29. Bxe5 Rxe5 30. Kg2 Rb8 31. Rd2 Kh6 32. Re1 Re7 33. d4 cxd4 34. Rxd4 Rb2+ 35. Kf1 g4 36. hxg4 hxg4 37. Bxg4 Kg5 38. Bf3 Kf4 39. Be2 Ke5 40. Rd5+ Kf4 41. Rd4 Ke5 42. Rd5+ Kf4 43. Rd4 1/2-1/2